Catàleg del Col·legi de Periodistes de Catalunya

Memorias (Registre núm. 2848)

000 -CABECERA
Longitud fija campo de control 00512nam a2200157 a 4500
001 - NÚMERO DE CONTROL
Número de control 2848
003 - IDENTIFICADOR DEL NÚMERO DE CONTROL
Identificador del número de control CDMR
005 - FECHA Y HORA DE LA ÚLTIMA TRANSACCIÓN
Fecha y hora de la última transacción 20241120125115.0
008 - CÓDIGOS DE INFORMACIÓN DE LONGITUD FIJA
Códigos de información de longitud fija 130130s1917||||||||||||||||||||||||||||d
040 ## - FUENTE DE LA CATALOGACIÓN
Centro catalogador de origen CDMR
Lengua de catalogación cat
Centro transcriptor CDMR
110 2# - PUNTO DE ACCESO PRINCIPAL-NOMBRE DE ENTIDAD CORPORATIVA
Nombre de entidad corporativa o nombre de jurisdicción como elemento inicial Asociación de Periodistas de Gerona
9 (RLIN) 2098
245 10 - MENCIÓN DE TÍTULO
Título Memorias
Mención de responsabilidad, etc. / Asociación de Periodistas de Gerona
260 ## - PUBLICACIÓN, DISTRIBUCIÓN, ETC. (PIE DE IMPRENTA)
Lugar de publicación, distribución, etc. Gerona :
Nombre del editor, distribuidor, etc. la Asociación,
Fecha de publicación, distribución, etc. [191-]-[19--]
856 ## - LOCALIZACIÓN Y ACCESO ELECTRÓNICO
Identificador Uniforme del Recurso (URI) <a href="https://arca.bnc.cat/arcabib_pro/ca/consulta/registro.do?id=2715">https://arca.bnc.cat/arcabib_pro/ca/consulta/registro.do?id=2715</a>
Nota pública Accés lliure (ARCA)
942 ## - ENTRADA DE ELEMENTOS AGREGADOS (KOHA)
Koha [por defecto] tipo de item Monografies
Fuente de clasificaión o esquema
Fons
Suprimido Perdido Estropeado No para pr&eacute;stamo Localizaci&oacute;n permanente Localizaci&oacute;n actual Fecha adquisici&oacute;n Pr&eacute;stamos totales Signatura completa C&oacute;digo de barras Fecha &uacute;ltima consulta Fecha del precio de reemplazo Tipo de item de Koha Note p&uacute;blica C&oacute;digo de colecci&oacute;n
        CPC Girona CPC Girona 2010-12-03   Bb 141 GIRONA13097032 2013-01-16 2013-01-16 Reserva / Històric    
        CPC Girona CPC Girona 2010-12-03   Bb 140 GIRONA13097034 2013-01-16 2013-01-16 Reserva / Històric 1919  
        CPC Girona CPC Girona 2013-09-18   Bb 120 GIRONA13097033 2013-09-18 2013-09-18 Reserva / Històric   Narcís-Jordi Aragó
        Centre de Documentació Montserrat Roig Centre de Documentació Montserrat Roig 2013-01-16   Du (1916-1918) Du946763201301161252 2013-01-16 2013-01-16 Reserva / Històric    

Implantat amb Koha